<?xml version="1.0" encoding="UTF-8"?>
<collection xmlns="http://www.loc.gov/MARC21/slim">
  <record>
    <leader>00000nam  2200000   4500</leader>
    <controlfield tag="001">001003</controlfield>
    <controlfield tag="005">20250712023621</controlfield>
    <datafield tag="035" ind1="#" ind2="#">
      <subfield code="a">0010-0725000882</subfield>
    </datafield>
    <controlfield tag="007">ta</controlfield>
    <controlfield tag="008">250712################a##########0#ind##</controlfield>
    <datafield tag="020" ind1="#" ind2="#">
      <subfield code="a">978-623-307-409-4</subfield>
    </datafield>
    <datafield tag="082" ind1="#" ind2="#">
      <subfield code="a">398.209 598</subfield>
    </datafield>
    <datafield tag="084" ind1="#" ind2="#">
      <subfield code="a">398.209 598  MAL s</subfield>
    </datafield>
    <datafield tag="100" ind1=" " ind2="#">
      <subfield code="a">Mala kumar</subfield>
    </datafield>
    <datafield tag="245" ind1="1" ind2="#">
      <subfield code="a">Sebuah jalan atau sebuah kebun binatang /</subfield>
      <subfield code="c">Mala kumar</subfield>
    </datafield>
    <datafield tag="250" ind1="#" ind2="#">
      <subfield code="a">Cetakan pertama</subfield>
    </datafield>
    <datafield tag="260" ind1="#" ind2="#">
      <subfield code="a">Rawamangun :</subfield>
      <subfield code="b">Badan pengembangan dan pembinaan bahasa,</subfield>
      <subfield code="c">2022</subfield>
    </datafield>
    <datafield tag="300" ind1="#" ind2="#">
      <subfield code="a">16hlm. :</subfield>
      <subfield code="b">Ilus. ;</subfield>
      <subfield code="c">29cm</subfield>
    </datafield>
    <datafield tag="650" ind1="#" ind2="4">
      <subfield code="a">Cerita anak indonesia-terjemahan</subfield>
    </datafield>
  </record>
</collection>
